| 000 | 00387 a2200133 4500 | ||
|---|---|---|---|
| 001 | 92975 | ||
| 082 | _aPR 2394 | ||
| 090 |
_c44611 _d44612 |
||
| 100 | _aM.Asif, Prof Iftikhar Ali (Advisor) | ||
| 245 |
_aTo Achieve Transmission of Radar Data Through General Packet Radio Systems(GPRS) _n61'B' EC |
||
| 260 |
_aIslamabad _bNUST _c2005 |
||
| 300 | _avii,68p. | ||
| 500 | _aBE Project Report | ||
| 942 |
_aCAE NUST _kPR 2394 |
||
| 999 |
_c328048 _d328048 |
||